| 000 | 00384nam a2200133Ia 4500 | ||
|---|---|---|---|
| 008 | 220217s9999 xx 000 0 und d | ||
| 245 | 0 | _aSpecification for rubber gloves for electrical purposes | |
| 260 | _aNew Delhi | ||
| 260 |
_c1968 _bISI |
||
| 490 | _aGeneral Rubber Products Subcommittee, CDC 6:4 | ||
| 500 | _aStandard number: IS 4770 | ||
| 650 | _aRubber gloves | ||
| 942 | _cST | ||
| 999 |
_c73807 _d73807 |
||